[Event "Sports Meet Chess Tour 55th"]
[Site "New Delhi"]
[Date "2022.12.16"]
[Round "2.1"]
[White "Siddharth, Sabharishankar"]
[Black "Anshul, Kaushik"]
[Result "1-0"]
[WhiteElo "1984"]
[BlackElo "1756"]
[PlyCount "75"]
[EventDate "2022.12.15"]
[EventType "team-swiss"]
[EventRounds "7"]
[EventCountry "IND"]
[SourceTitle "CBM 212 Extra"]
[Source "ChessBase"]
[SourceDate "2023.03.31"]
[SourceVersion "1"]
[SourceVersionDate "2023.03.31"]
[SourceQuality "1"]
[WhiteTeam "Kharagpur"]
[BlackTeam "Indore"]
[WhiteTeamCountry "IND"]
[BlackTeamCountry "IND"]

1. e4 c5 2. c3 d5 3. exd5 Qxd5 4. d4 e6 5. Nf3 Nf6 6. Be2 Nc6 7. 0-0 Be7 8. Be3 cxd4 9. cxd4 0-0 10. Nc3 Qa5 11. Qb3 Qb4 12. Qc2 Bd7 13. a3 Qa5 14. b4 Qd8 15. Qb3 Qb8 16. g3 Ng4 17. Bd2 e5 18. d5 Nd4 19. Nxd4 exd4 20. Bf4 Bd6 21. Bxd6 Qxd6 22. Ne4 Qh6 23. h4 Ne5 24. Nc5 Bh3 25. Rfd1 b6 26. Nd3 Rae8 27. Nxe5 Rxe5 28. Bf3 Rfe8 29. Rxd4 Qf6 30. Rf4 Rf5 31. Rd1 Rxf4 32. gxf4 Qxf4 33. d6 Re6 34. Qd5 Rg6+ 35. Kh1 h6 36. Qa8+ Kh7 37. Qe4 Qf6 38. h5 1-0

[Event "Mumbai Wealth op 3rd"]
[Site "Mumbai"]
[Date "2018.01.04"]
[Round "6"]
[White "Siddharth, Sabharishankar"]
[Black "Franco Valencia, Angela Maria"]
[Result "1-0"]
[WhiteElo "1837"]
[BlackElo "2108"]
[PlyCount "161"]
[EventDate "2017.12.30"]
[EventType "swiss"]
[EventRounds "9"]
[EventCountry "IND"]
[SourceTitle "CBM 182 Extra"]
[Source "ChessBase"]
[SourceDate "2018.02.23"]
[SourceVersion "1"]
[SourceVersionDate "2018.02.23"]
[SourceQuality "1"]

1. e4 e5 2. Nf3 Nc6 3. Bb5 a6 4. Ba4 Nge7 5. Nc3 g6 6. d4 exd4 7. Nd5 Nxd5 8. exd5 Qe7+ 9. Kf1 Ne5 10. Qxd4 Bg7 11. Bf4 f6 12. Re1 0-0 13. Nxe5 fxe5 14. Bxe5 Bxe5 15. Rxe5 Qf6 16. Re4 Qxd4 17. Rxd4 b5 18. Bb3 d6 19. f3 a5 20. a4 Bd7 21. Kf2 bxa4 22. Bxa4 Bxa4 23. Rxa4 Rab8 24. b3 Rb5 25. Rd1 Rc5 26. c4 Rb8 27. Rd3 Kf8 28. Ke3 Rb4 29. Ra3 Ke7 30. Rd4 a4 31. Re4+ Kf7 32. bxa4 Ra5 33. Kd4 Raxa4 34. Rxa4 Rxa4 35. Re2 Ra1 36. Rc2 Ke7 37. Ke3 Ra6 38. g3 Ra3+ 39. Kf4 h6 40. h4 Kf6 41. Re2 Rc3 42. Re4 Kf7 43. Kg4 Kf6 44. Rf4+ Kg7 45. h5 Rc1 46. Re4 gxh5+ 47. Kxh5 Rh1+ 48. Rh4 Rf1 49. Rg4+ Kh7 50. Rf4 Kg7 51. Kg4 Rc1 52. Re4 Kg6 53. Re6+ Kf7 54. Rxh6 Rxc4+ 55. Kf5 Kg7 56. Rh4 Rc3 57. Ke4 Rc1 58. Rh2 Re1+ 59. Kf4 Rd1 60. Rc2 Rxd5 61. Rxc7+ Kf6 62. Rc4 Rd1 63. g4 Rh1 64. Rc6 Ke6 65. Ra6 Rb1 66. Ra4 Kf6 67. Rd4 Ke6 68. g5 d5 69. Ra4 Rb6 70. Kg4 Rd6 71. f4 d4 72. f5+ Ke5 73. Ra1 d3 74. Re1+ Kd4 75. f6 d2 76. Rd1 Ke3 77. f7 Rd4+ 78. Kh5 Rf4 79. g6 Ke2 80. Rxd2+ Kxd2 81. Kh6 1-0

[Event "Mumbai Wealth op 3rd"]
[Site "Mumbai"]
[Date "2017.12.30"]
[Round "1"]
[White "Akkarakaran, John Veny"]
[Black "Siddharth, Sabharishankar"]
[Result "0-1"]
[WhiteElo "1573"]
[BlackElo "1837"]
[PlyCount "112"]
[EventDate "2017.12.30"]
[EventType "swiss"]
[EventRounds "9"]
[EventCountry "IND"]
[SourceTitle "CBM 182 Extra"]
[Source "ChessBase"]
[SourceDate "2018.02.23"]
[SourceVersion "1"]
[SourceVersionDate "2018.02.23"]
[SourceQuality "1"]

1. e4 e5 2. Nf3 Nc6 3. Bb5 a6 4. Ba4 Nf6 5. 0-0 Be7 6. Re1 b5 7. Bb3 d6 8. c3 0-0 9. h3 Re8 10. d4 Bb7 11. a3 h6 12. Nbd2 Bf8 13. Bc2 Nb8 14. Bd3 Nbd7 15. Qc2 Rc8 16. Nf1 exd4 17. cxd4 c5 18. Ng3 cxd4 19. Qb1 Ne5 20. Nxd4 d5 21. Ndf5 Nxd3 22. Qxd3 dxe4 23. Qe2 Qd5 24. Rd1 Qc4 25. Qe3 Red8 26. Bd2 Rd3 27. Qb6 Qc6 28. Qxc6 Bxc6 29. Bc3 Rcd8 30. Rxd3 exd3 31. Nxh6+ gxh6 32. Bxf6 Rd7 33. Rd1 b4 34. axb4 Ba4 35. Rd2 Bxb4 36. Bc3 Bxc3 37. bxc3 Bc2 38. Nf5 Rc7 39. Nxh6+ Kh7 40. Ng4 a5 41. Nf6+ Kh8 42. Nd5 Rc5 43. Nb6 Rc6 44. Nd5 a4 45. g4 Rc4 46. f4 a3 47. Rf2 a2 48. Rf1 Bb1 49. Ne3 Rxc3 50. Nd5 Rc5 51. Nb4 a1Q 52. Nxd3 Qd4+ 53. Kh1 Bxd3 54. Rg1 Be4+ 55. Kh2 Qf2+ 56. Rg2 Qxg2# 0-1

[Event "London Classic op"]
[Site "London"]
[Date "2017.12.04"]
[Round "4"]
[White "Siddharth, Sabharishankar"]
[Black "Coleman, David"]
[Result "1/2-1/2"]
[WhiteElo "1837"]
[BlackElo "2076"]
[PlyCount "58"]
[EventDate "2017.12.02"]
[EventType "swiss"]
[EventRounds "9"]
[EventCountry "ENG"]
[SourceTitle "CBM 182 Extra"]
[Source "ChessBase"]
[SourceDate "2018.02.23"]
[SourceVersion "1"]
[SourceVersionDate "2018.02.23"]
[SourceQuality "1"]

1. e4 c5 2. Nf3 d6 3. d4 cxd4 4. Nxd4 Nf6 5. Nc3 a6 6. Be3 e6 7. Be2 Be7 8. 0-0 0-0 9. a4 Nc6 10. f4 Qc7 11. Kh1 Bd7 12. Qe1 Nxd4 13. Bxd4 Bc6 14. Bd3 g6 15. h3 Rfe8 16. f5 gxf5 17. exf5 e5 18. Be3 Kh8 19. Bg5 Rg8 20. Bxf6+ Bxf6 21. Be4 Rg7 22. Rd1 Rag8 23. Nd5 Qd8 24. b3 Rg3 25. Qe2 Bxd5 26. Rxd5 Qb6 27. Bf3 Qb4 28. Qc4 Qb6 29. Qe2 Qb4 1/2-1/2

[Event "London Classic op"]
[Site "London"]
[Date "2017.12.03"]
[Round "3"]
[White "Barlov, Alex"]
[Black "Siddharth, Sabharishankar"]
[Result "0-1"]
[WhiteElo "1502"]
[BlackElo "1837"]
[PlyCount "86"]
[EventDate "2017.12.02"]
[EventType "swiss"]
[EventRounds "9"]
[EventCountry "ENG"]
[SourceTitle "CBM 182 Extra"]
[Source "ChessBase"]
[SourceDate "2018.02.23"]
[SourceVersion "1"]
[SourceVersionDate "2018.02.23"]
[SourceQuality "1"]

1. e4 e5 2. f4 exf4 3. Nf3 Nf6 4. Nc3 Bb4 5. e5 Nh5 6. Bc4 0-0 7. 0-0 d6 8. d4 Nc6 9. exd6 Bxd6 10. Ne4 Be7 11. c3 Bf5 12. Re1 Re8 13. Bxf7+ Kxf7 14. Ne5+ Nxe5 15. Qxh5+ Bg6 16. Qxe5 Bf6 17. Qxf4 Qd5 18. Ng5+ Kg8 19. Bd2 c5 20. Qf3 Qd7 21. d5 Rf8 22. Qg3 Qxd5 23. Bf4 Rae8 24. Nf3 Rxe1+ 25. Rxe1 Qxa2 26. Bd6 Re8 27. Rxe8+ Bxe8 28. Bxc5 Qxb2 29. Qd6 Qb1+ 30. Kf2 Qa2+ 31. Kg1 Qf7 32. Bxa7 Bxc3 33. Bc5 Bc6 34. Qd8+ Qe8 35. Qd1 Bf6 36. Bf2 Qd7 37. Qb3+ Qd5 38. Qb1 b5 39. Be1 Be7 40. Qb2 Bc5+ 41. Kf1 b4 42. Qe2 Bb6 43. Nd4 Bxd4 0-1

[Event "Voronezh op-A 21st"]
[Site "Voronezh"]
[Date "2017.06.19"]
[Round "7"]
[White "Siddharth, Sabharishankar"]
[Black "Muromtsev, Arthur"]
[Result "1/2-1/2"]
[WhiteElo "2087"]
[BlackElo "2234"]
[PlyCount "88"]
[EventDate "2017.06.12"]
[EventType "swiss"]
[EventRounds "9"]
[EventCountry "RUS"]
[SourceTitle "EXT 2018"]
[Source "ChessBase"]
[SourceDate "2017.10.13"]
[SourceVersion "1"]
[SourceVersionDate "2017.10.13"]
[SourceQuality "1"]

1. e4 c6 2. d4 d5 3. Nd2 dxe4 4. Nxe4 Nf6 5. Nxf6+ gxf6 6. Nf3 Bg4 7. Be2 Qc7 8. Be3 e6 9. Qd2 Nd7 10. c4 0-0-0 11. 0-0-0 Nc5 12. Bf4 e5 13. Bg3 h5 14. Qc2 Bxf3 15. Bxf3 Ne6 16. Qe4 Rxd4 17. Rxd4 Nxd4 18. Rd1 Bd6 19. Bxh5 f5 20. Qh4 Qd8 21. Qxd8+ Kxd8 22. Bxf7 Ke7 23. c5 Bb8 24. Bc4 f4 25. Bxf4 exf4 26. Rxd4 Rxh2 27. Bf1 Rh1 28. Rd1 a5 29. a3 a4 30. Be2 Rxd1+ 31. Bxd1 Ba7 32. Bxa4 Bxc5 33. f3 Kd6 34. Kd2 Be3+ 35. Kd3 Bc1 36. Kc2 Be3 37. Bb3 Kc5 38. Be6 b6 39. Bf5 Kd4 40. b3 c5 41. Bd3 Bf2 42. a4 Be1 43. Bc4 Bb4 44. Kd1 Ke3 1/2-1/2

[Event "Voronezh op-A 21st"]
[Site "Voronezh"]
[Date "2017.06.15"]
[Round "4"]
[White "Shtyka, Sergey"]
[Black "Siddharth, Sabharishankar"]
[Result "1/2-1/2"]
[WhiteElo "2281"]
[BlackElo "2087"]
[PlyCount "88"]
[EventDate "2017.06.12"]
[EventType "swiss"]
[EventRounds "9"]
[EventCountry "RUS"]
[SourceTitle "EXT 2018"]
[Source "ChessBase"]
[SourceDate "2017.10.13"]
[SourceVersion "1"]
[SourceVersionDate "2017.10.13"]
[SourceQuality "1"]

1. Nf3 d5 2. c4 e6 3. e3 Nf6 4. b3 Be7 5. Bb2 0-0 6. Be2 b6 7. 0-0 Bb7 8. Ne5 c5 9. d4 Nbd7 10. Nd2 Nxe5 11. dxe5 Ne4 12. cxd5 Nxd2 13. Qxd2 Qxd5 14. Qxd5 Bxd5 15. Bc4 Rfd8 16. Rfd1 Bxc4 17. bxc4 Rxd1+ 18. Rxd1 Rd8 19. Rxd8+ Bxd8 20. Kf1 Kf8 21. Ke2 Ke7 22. Kd3 Kd7 23. f4 Kc6 24. a4 a6 25. e4 b5 26. axb5+ axb5 27. f5 Kb6 28. Kc3 Bg5 29. Kb3 Be3 30. g4 Bd4 31. Bc1 Bxe5 32. h4 g6 33. fxe6 fxe6 34. h5 b4 35. hxg6 hxg6 36. Be3 Kc6 37. Bh6 Bd4 38. Ka4 Kd6 39. Bf4+ Ke7 40. Bg5+ Kd7 41. Kb3 Kd6 42. Bf4+ Be5 43. Bg5 Bg3 44. Bf6 Bf4 1/2-1/2

[Event "Chennai op 9th"]
[Site "Chennai"]
[Date "2017.01.19"]
[Round "3"]
[White "Siddharth, Sabharishankar"]
[Black "Arjun, C Krishnamachari"]
[Result "1/2-1/2"]
[WhiteElo "1962"]
[BlackElo "1671"]
[PlyCount "31"]
[EventDate "2017.01.18"]
[EventType "swiss"]
[EventRounds "10"]
[EventCountry "IND"]
[SourceTitle "CBM 176 Extra"]
[Source "ChessBase"]
[SourceDate "2017.03.02"]
[SourceVersion "1"]
[SourceVersionDate "2017.03.02"]
[SourceQuality "1"]

1. e4 e6 2. d4 d5 3. Nc3 dxe4 4. Nxe4 Be7 5. c4 Nf6 6. Nc3 0-0 7. Nf3 c5 8. d5 exd5 9. cxd5 a6 10. a4 Bf5 11. Bd3 Bxd3 12. Qxd3 Nc6 13. 0-0 Nb4 14. Qf5 Qc8 15. Nh4 Nfxd5 16. Nxd5 1/2-1/2

[Event "Chennai op 9th"]
[Site "Chennai"]
[Date "2017.01.19"]
[Round "2"]
[White "Vignesh, NR."]
[Black "Siddharth, Sabharishankar"]
[Result "1-0"]
[WhiteElo "2414"]
[BlackElo "1962"]
[PlyCount "57"]
[EventDate "2017.01.18"]
[EventType "swiss"]
[EventRounds "10"]
[EventCountry "IND"]
[SourceTitle "CBM 176 Extra"]
[Source "ChessBase"]
[SourceDate "2017.03.02"]
[SourceVersion "1"]
[SourceVersionDate "2017.03.02"]
[SourceQuality "1"]

1. e4 e5 2. Nf3 Nc6 3. Bc4 Bc5 4. c3 Nf6 5. d3 d6 6. h3 a6 7. Bb3 Ba7 8. 0-0 h6 9. Re1 Be6 10. Bc2 0-0 11. Nbd2 Re8 12. Nf1 d5 13. Qe2 dxe4 14. dxe4 b5 15. N3h2 Ne7 16. Rd1 Qc8 17. Qf3 Nh7 18. Ng3 Ng6 19. Nf5 Nf4 20. Bxf4 exf4 21. Re1 Bxf5 22. exf5 Qd7 23. Qxf4 Nf6 24. Nf3 Rad8 25. Rad1 Rxe1+ 26. Rxe1 Bb6 27. Bb3 Re8 28. Ne5 Qe7 29. Kf1 1-0

[Event "Mumbai Wealth op 2nd"]
[Site "Mumbai"]
[Date "2016.12.29"]
[Round "4"]
[White "Siddharth, Sabharishankar"]
[Black "Das, Sayantan"]
[Result "0-1"]
[WhiteElo "1962"]
[BlackElo "2371"]
[PlyCount "58"]
[EventDate "2016.12.26"]
[EventType "swiss"]
[EventRounds "9"]
[EventCountry "IND"]
[SourceTitle "CBM 176 Extra"]
[Source "ChessBase"]
[SourceDate "2017.03.02"]
[SourceVersion "1"]
[SourceVersionDate "2017.03.02"]
[SourceQuality "1"]

1. e4 e6 2. d4 d5 3. Nc3 Bb4 4. e5 Ne7 5. a3 Bxc3+ 6. bxc3 c5 7. Qg4 cxd4 8. Qxg7 Rg8 9. Qxh7 Qc7 10. Ne2 Nbc6 11. f4 dxc3 12. Qd3 d4 13. Nxd4 Nxd4 14. Qxd4 Bd7 15. Rg1 Nf5 16. Qf2 Qc6 17. Bd3 Qd5 18. Be3 Bb5 19. Rd1 0-0-0 20. g4 Ne7 21. Bc5 Nc6 22. Be2 Qe4 23. Bd6 Rh8 24. Rg2 Rh3 25. Rg3 Rxg3 26. hxg3 Rh8 27. Qf3 Rh1+ 28. Kf2 Qxe2+ 29. Qxe2 Rh2+ 0-1